[Event "FRA-ch U12"]
[Site "Nimes"]
[Date "2012.04.21"]
[Round "9"]
[White "O'Sullivan, Thomas"]
[Black "Dodart, Guillaume"]
[Result "0-1"]
[WhiteElo "1863"]
[BlackElo "1632"]
[PlyCount "117"]
[EventDate "2012.04.14"]
[EventType "swiss"]
[EventRounds "9"]
[EventCountry "FRA"]
[SourceTitle "CBM 148 Extra"]
[Source "ChessBase"]
[SourceDate "2012.06.22"]
[SourceVersion "1"]
[SourceVersionDate "2012.06.22"]
[SourceQuality "1"]

1. d4 Nf6 2. c4 g6 3. Nc3 d5 4. cxd5 Nxd5 5. e4 Nxc3 6. bxc3 Bg7 7. Nf3 c5 8. Be3 Nc6 9. Qd2 cxd4 10. cxd4 Bg4 11. Rd1 0-0 12. Be2 Rc8 13. 0-0 Re8 14. d5 Bxf3 15. gxf3 Ne5 16. Bxa7 b6 17. Qb4 Nd7 18. Bb5 Ra8 19. Bxd7 Qxd7 20. Bxb6 Be5 21. Bd4 Ra4 22. Qc3 Rxd4 23. Qe3 Rxd1 24. Rxd1 Qh3 25. f4 Qg4+ 26. Qg3 Qxd1+ 27. Kg2 Bd4 28. f5 Rc8 29. d6 exd6 30. Qxd6 Qg4+ 31. Qg3 Qxg3+ 32. Kxg3 gxf5 33. exf5 Rc2 34. f4 Rxa2 35. h3 Ra3+ 36. Kg4 h5+ 37. Kg5 Kg7 38. h4 Bf6+ 39. Kxh5 Bxh4 40. Kxh4 Kf6 41. Kg4 Rb3 42. Kh5 Kxf5 43. Kh6 Kxf4 44. Kg7 Kg4 45. Kf6 Rb6+ 46. Kxf7 Kg5 47. Ke7 Rh6 48. Kf7 Ra6 49. Ke7 Kf5 50. Kd7 Ke5 51. Kc7 Kd5 52. Kb7 Rh6 53. Kc7 Rg6 54. Kb7 Kc5 55. Ka7 Kb5 56. Ka8 Rg7 57. Kb8 Kc6 58. Ka8 Kb6 59. Kb8 0-1

[Event "FRA-ch U12"]
[Site "Nimes"]
[Date "2012.04.20"]
[Round "8"]
[White "Dodart, Guillaume"]
[Black "Chesterkine, Vassili"]
[Result "0-1"]
[WhiteElo "1632"]
[BlackElo "1706"]
[PlyCount "98"]
[EventDate "2012.04.14"]
[EventType "swiss"]
[EventRounds "9"]
[EventCountry "FRA"]
[SourceTitle "CBM 148 Extra"]
[Source "ChessBase"]
[SourceDate "2012.06.22"]
[SourceVersion "1"]
[SourceVersionDate "2012.06.22"]
[SourceQuality "1"]

1. e4 c5 2. Nf3 d6 3. c3 Nf6 4. Be2 Nbd7 5. d3 g6 6. 0-0 Bg7 7. Re1 0-0 8. Bf1 b6 9. d4 cxd4 10. cxd4 e5 11. Nc3 Bb7 12. Bg5 h6 13. Bh4 a6 14. Bc4 Rc8 15. Bd5 Bc6 16. Bxc6 Rxc6 17. Nd5 Re8 18. dxe5 dxe5 19. Nxf6+ Bxf6 20. Bxf6 Rxf6 21. Qd3 Nc5 22. Qxd8 Rxd8 23. Nxe5 Rd2 24. Ng4 Re6 25. b4 Nd3 26. Rad1 Rxd1 27. Rxd1 Nxb4 28. a3 Nc2 29. f3 h5 30. Nf2 Nxa3 31. Ra1 Rc6 32. g4 Rc3 33. gxh5 gxh5 34. Kg2 a5 35. Rd1 Nc4 36. Kg3 a4 37. Kf4 a3 38. Nd3 Rc2 39. Nb4 Rxh2 40. Nd5 b5 41. e5 Rd2 42. Nf6+ Kf8 43. Rh1 h4 44. Rxh4 Rd4+ 45. Ne4 a2 46. Rh1 b4 47. Kf5 Rd1 48. Rh7 a1Q 49. f4 Ne3+ 0-1

[Event "FRA-chT U20 1112"]
[Site "France"]
[Date "2012.01.23"]
[Round "3.15"]
[White "Beneteau Desmoulieres, Mael"]
[Black "Dodart, Guillaume"]
[Result "0-1"]
[WhiteElo "1470"]
[BlackElo "1570"]
[PlyCount "60"]
[EventDate "2011.12.03"]
[EventType "team-swiss"]
[EventRounds "7"]
[EventCountry "FRA"]
[SourceTitle "EXT 2013"]
[Source "ChessBase"]
[SourceDate "2012.11.22"]
[SourceVersion "1"]
[SourceVersionDate "2012.11.22"]
[SourceQuality "1"]

1. e4 c5 2. Nf3 Nc6 3. d4 cxd4 4. Nxd4 Nf6 5. Nc3 e5 6. Nf3 Bb4 7. Bd2 0-0 8. Bc4 Bxc3 9. Bxc3 Nxe4 10. 0-0 Nxc3 11. bxc3 d6 12. h3 e4 13. Nd2 d5 14. Bb3 Qg5 15. Kh1 Qe5 16. c4 d4 17. Re1 Bf5 18. f3 e3 19. Qe2 Nb4 20. Rac1 Rfe8 21. Nf1 Rad8 22. Rb1 Qc5 23. a3 Nc6 24. Rbd1 Qxa3 25. Ng3 Bg6 26. Kg1 d3 27. Qf1 dxc2 28. Rc1 Qxb3 29. Kh1 Bd3 30. Qg1 Bxc4 0-1

[Event "Brest op"]
[Site "Brest"]
[Date "2010.04.05"]
[Round "5.8"]
[White "Avrillon, Wilfrid"]
[Black "Dodart, Guillaume"]
[Result "0-1"]
[WhiteElo "1770"]
[BlackElo "1600"]
[PlyCount "40"]
[EventDate "2010.04.03"]
[EventType "swiss"]
[EventRounds "7"]
[EventCountry "FRA"]
[SourceTitle "EXT 2014"]
[Source "ChessBase"]
[SourceDate "2013.11.20"]
[SourceVersion "1"]
[SourceVersionDate "2013.11.20"]
[SourceQuality "1"]

1. e4 Nf6 2. e5 Nd5 3. c4 Nb6 4. c5 Nd5 5. d4 d6 6. cxd6 exd6 7. Bc4 Nb6 8. Bb3 Nc6 9. Nf3 Bg4 10. Bxf7+ Kxf7 11. Ng5+ Qxg5 12. f3 Qg6 13. fxg4 Qe4+ 14. Kf2 Qxd4+ 15. Be3 Qxd1 16. e6+ Kxe6 17. Rxd1 Nc4 18. Re1 N6e5 19. Bd4 Kd7 20. h3 Nd3+ 0-1